Dopasuj polski utwór literacki do autora - klikanie - Statystyki

Ogólne statystyki
  • Ten quiz został rozwiązany 55 razy
  • Średni wynik to 16 z 20
Statystyki odpowiedzi
Hint Odpowiedź % Poprawnych
,,Pan Tadeusz" Adam Mickiewicz
100%
,,Zemsta" Aleksander Fredro
100%
,,Lalka" Bolesław Prus
100%
,,Potop" Henryk Sienkiewicz
98%
,,Chłopi" Władysław Reymont
95%
,,Tango" Sławomir Mrożek
88%
,,Wesele" Stanisław Wyspiański
88%
,,Nad Niemnem" Eliza Orzeszkowa
86%
,,Przedwiośnie" Stefan Żeromski
86%
,,Ferdydurke" Witold Gombrowicz
86%
,,Balladyna" Juliusz Słowacki
84%
,,Nic dwa razy" Wisława Szymborska
84%
,,Solaris" Stanisław Lem
81%
,,Odprawa posłów greckich" Jan Kochanowski
72%
,,Księgi Jakubowe" Olga Tokarczuk
72%
,,Fortepian Chopina" Cyprian Kamil Norwid
67%
,,Nie-boska komedia" Zygmunt Krasiński
63%
,,Mendel Gdański" Maria Konopnicka
56%
,,Hymn do miłości Ojczyzny" Ignacy Krasicki
49%
,,Gucio zaczarowany" Czesław Miłosz
42%
Nie znaleziono quizów pasujących do podanych kryteriów
Rozkład punktacji
Procent ludzi z każdym wynikiem
Percentyl według liczby udzielonych odpowiedzi
Twoja historia wyników
Nie rozwiązałeś tego quizu